| 000 | 01123cam a22003014a 4500 | ||
|---|---|---|---|
| 999 |
_c41535 _d41535 |
||
| 001 | 16873104 | ||
| 003 | OSt | ||
| 005 | 20220919152031.0 | ||
| 008 | 110715s2012 caua b 001 0 eng | ||
| 010 | _a 2011029801 | ||
| 020 | _a9781412976381 (pbk.) | ||
| 040 |
_aDLC _cDLC _dDLC |
||
| 042 | _apcc | ||
| 050 | 0 | 0 |
_aHM1033 _b.S36 2012 |
| 082 | 0 | 0 |
_a302 _223 _bSCH/A |
| 245 | 0 | 0 |
_aApplied social psychology : _bunderstanding and addressing social and practical problems / _ceditors, Frank W. Schneider, Jamie A. Gruman, Larry M. Coutts. |
| 250 | _a2nd ed. | ||
| 260 |
_aLos Angeles : _bSage, _cc2012. |
||
| 300 |
_axiii, 486 p. : _bill. ; _c26 cm. |
||
| 504 | _aIncludes bibliographical references and index. | ||
| 650 | 0 | _aSocial psychology. | |
| 700 | 1 |
_aSchneider, Frank W. _99111 |
|
| 700 | 1 |
_aGruman, Jamie A. _99112 |
|
| 700 | 1 |
_aCoutts, Larry M. _99113 |
|
| 906 |
_a7 _bcbc _corignew _d1 _eecip _f20 _gy-gencatlg |
||
| 942 |
_2ddc _cBK _h302 _iSCH/A _k302 _mSCH/A |
||